Представление документа в формате RUSMARC

ПолеНазваниеЗначение
  Тип записи a
  Библиографический уровень m
001 Контрольный номер RU/SLIB/B/208735415
005 Дата корректировки 20260123123756.5
010 Индекс ISBN __
a ISBN 5-85684-446-7
d Цена 62-50
101 Язык документа 0_
a Язык текста rus
200 Заглавие и сведения об ответственности 1_
a Заглавие Сценарии праздников в детском саду
f Первые сведения об ответственности Т. Г. Копылова
b Общее обозначение материала Текст
210 Выходные данные 1_
a Место издания М.
c Издательство Аквариум
d Дата издания 2001
215 Физическое описание __
a Объем 400 с.
330 Аннотация __
a Аннотация В этой книге мы предлагаем авторские сценарии, стихотворные композиции, инсценировки сказок для организации праздников в детском саду. Для воспитателей, музыкальных работников, родителей и всем тем, кто занимается воспитанием детей.
606 Тематические рубрики __
a Основная рубрика Дошкольная педагогика
a Основная рубрика Образование. Педагогика
a Основная рубрика Семейное воспитание и образование
610 Ключевые слова 0_
a Ключевые слова сценарии
610 Ключевые слова 0_
a Ключевые слова загадки
610 Ключевые слова 0_
a Ключевые слова стихотворения
610 Ключевые слова 0_
a Ключевые слова песни
610 Ключевые слова 0_
a Ключевые слова Новый год
610 Ключевые слова 0_
a Ключевые слова утренники
610 Ключевые слова 0_
a Ключевые слова 8 Марта
610 Ключевые слова 0_
a Ключевые слова Восьмое марта
610 Ключевые слова 0_
a Ключевые слова весна
610 Ключевые слова 0_
a Ключевые слова зима
610 Ключевые слова 0_
a Ключевые слова выпускники
610 Ключевые слова 0_
a Ключевые слова выпускные балы
610 Ключевые слова 0_
a Ключевые слова лето
610 Ключевые слова 0_
a Ключевые слова осень
610 Ключевые слова 0_
a Ключевые слова игры
610 Ключевые слова 0_
a Ключевые слова праздники
610 Ключевые слова 0_
a Ключевые слова дошкольное воспитание
686 Индексы других классификаций __
a Классификационный индекс 74.100.58
a Классификационный индекс 74.900.6 ; В74.1
a Классификационный индекс В74.9
700 Автор _1
a Фамилия Копылова
b Имя Т. Г.
4 Код отношения 070
801 Источник записи _0
a Страна RU
b Организация Муниципальное бюджетное учреждение культуры "Централизованная библиотечная система" г. Сургут (Центральная городская библиотека им. А. С. Пушкина)
g Правила каталогизации КиК/Поспелова
801 Источник записи _1
a Страна RU
b Организация Муниципальное бюджетное учреждение культуры "Централизованная библиотечная система" г. Сургут (Центральная городская библиотека им. А. С. Пушкина)
g Правила каталогизации КиК/Поспелова
852 Данные о местонахождении __
j Шифр хранения 74.100.58
c Каталожный индекс 74.100.58; 74.900.6
i Авторский знак К 65
901 Тип документа __
t Тип документа m
903 Характеристики (МАРС) __
a Дата передачи 20030317
990 Данные о заказе (DOS) __
j Количество экземпляров (DOS) 7
t N записи в КСУ для И/У (DOS) 200303